Cooperativismo para docentes /

Guardado en:
Autor Principal: San Pedro, José.
Formato: Libro
Idioma:Spanish
Publicado: Buenos Aires : INTERCOOP, Editora Cooperativa Ltda., impreso en 1985.
Series:Serie Manuales (INTERCOOP, Editora Cooperativa Ltda.) ; no. 18.
Materias:
Etiquetas: Agregar Etiqueta
Sin Etiquetas, Sea el primero en etiquetar este registro!
LEADER 00894nam a22002295a 4500
001 EAD.ead000596
008 061020s1985####ag#######b####000#0#spa#d
005 20120313165830.0
245 1 0 |a Cooperativismo para docentes /  |c José San Pedro. 
260 |a Buenos Aires :  |b INTERCOOP, Editora Cooperativa Ltda.,  |c impreso en 1985. 
300 |a 121 p. ;  |c 23 cm. 
490 0 |a Serie Manuales ;  |v no. 18 
500 |a "Nociones para una formación cooperativista"--Tapa. 
504 |a Incluye referencias bibliográficas y glosario (terminología cooperativa). 
020 |z 95000125713 
100 1 |a San Pedro, José. 
830 0 |a Serie Manuales (INTERCOOP, Editora Cooperativa Ltda.) ;  |v no. 18. 
082 0 4 |a 334.071  |2 21 
650 7 |a Cooperativas.  |2 unbist 
650 7 |a Cooperativismo.  |2 isoc 
653 |a Educación cooperativa 
859 |a AR-BaBDC  |b BIB. ADMINISTRACION GABCOOP - Libros  |h 334.071  |i Sa53  |p g00932